000 00576 a2200205 4500
001 61745
005 20260407155908.0
008 260407a1966 arg spa d
003 AR-UNSa-BCEJYS
040 _aAR-UNSa-BCEJYS
_bspa
_cAR-UNSa-BCEJYS
080 _a347.746
_xLetras de cambio
245 1 0 _aLa letra de cambio y el pagaré en el nuevo régimen cambiario
250 _a2a. ed.
264 1 _aRosario :
_bOrbir
_c1966
300 _a288 p.
_c23 cm.
041 _aspa
942 _cBK
590 _aniveau_biblio:m niveau_hierar:0
100 1 _aJaureguiberry, Luis Maria
999 _c7397
_d7397